|
|
|
|
| LEADER |
01194nam a2200361 a 4500 |
| 001 |
000164300 |
| 003 |
CZ BrMZK |
| 005 |
20221107103626.0 |
| 007 |
ta |
| 008 |
960815s1996 xr g f cze d |
| 015 |
|
|
|a cnb000211204
|
| 020 |
|
|
|a 80-902127-3-5
|
| 035 |
|
|
|a (OCoLC)37961369
|
| 040 |
|
|
|a BOA001
|b cze
|
| 072 |
|
7 |
|a 821.162.3-3
|x Česká próza
|2 Konspekt
|9 25
|
| 080 |
|
|
|a 821.162.3-3
|2 MRF
|
| 080 |
|
|
|a (0:82-3)
|2 MRF
|
| 080 |
|
|
|a (0:82-4)
|2 MRF
|
| 080 |
|
|
|a (084.12)
|2 MRF
|
| 100 |
1 |
|
|a Typlt, Jaromír,
|d 1973-
|7 jn99240001210
|4 aut
|
| 245 |
1 |
0 |
|a Opakem o překot /
|c Jaromír Typlt ; s fotografiemi [a doprovodným esejem] Aleše Kuneše
|
| 250 |
|
|
|a 1. vyd.
|
| 260 |
|
|
|a Brno :
|b Host,
|c 1996
|
| 300 |
|
|
|a 36 s. :
|b il. ;
|c 19 x 23 cm
|
| 490 |
1 |
|
|a Host. Knižní řada ;
|v sv. 3
|
| 655 |
|
7 |
|a české prózy
|7 fd133972
|2 czenas
|
| 655 |
|
7 |
|a eseje
|7 fd132213
|2 czenas
|
| 655 |
|
7 |
|a fotografické publikace
|7 fd132276
|2 czenas
|
| 700 |
1 |
|
|a Kuneš, Aleš,
|d 1954-
|7 jn20000710373
|4 pht
|
| 830 |
|
0 |
|a Host.
|p Knižní řada
|
| 910 |
|
|
|a BOA001
|b 2-1031.811
|
| 990 |
|
|
|a BK
|
| 996 |
6 |
|
|b 2610050606
|c 2-1031.811
|l MZK
|r Sklad / do 1 hodiny
|n 15
|p p.v.
|w 000164300
|u 000010
|a 1
|e BOA001
|j MZK50
|s P
|